Κατάλογος Βιβλιοθηκών Mediterranean College

Οργανωσιακή συμπεριφορά και διοίκηση / (Record no. 9864)

MARC details
000 -LEADER
fixed length control field 02975nam a22002897a 4500
003 - ΤΑΥΤΟΤΗΤΑ ΤΟΥ ΑΡΙΘΜΟΥ ΕΛΕΓΧΟΥ
Πεδίο ελέγχου GR-AtMCL
005 - ΗΜΕΡΟΜΗΝΙΑ ΚΑΙ ΩΡΑ ΤΕΛΕΥΤΑΙΑΣ ΕΝΗΜΕΡΩΣΗΣ
Πεδίο ελέγχου 20250804142916.0
006 - FIXED-LENGTH DATA ELEMENTS--ADDITIONAL MATERIAL CHARACTERISTICS
Πεδίο ελέγχου σταθερού μήκους a|||||r|||||||||||
008 - FIXED-LENGTH DATA ELEMENTS--GENERAL INFORMATION
Πεδίο ελέγχου σταθερού μήκους 250804b |||||||| |||| 00| 0 eng d
020 ## - ISBN
ISBN 9789604189205
040 ## - ΠΗΓΗ ΚΑΤΑΛΟΓΟΓΡΑΦΗΣΗΣ
Φορέας πρωτότυπης καταλογογράφησης MC Athens Campus Library
Γλώσσα καταλογογράφησης Ελληνικά, Μοντέρνα (1453-)
Modifying agency MC Athens Campus Library
041 1# - ΓΛΩΣΣΑ
Κωδικός γλώσσας πρωτότυπου Αγγλικά
100 ## - MAIN ENTRY--PERSONAL NAME
Personal name Konopaske, Robert
9 (RLIN) 9937
240 10 - ΟΜΟΙΟΜΟΡΦΟΣ ΤΙΤΛΟΣ
Ομοιόμορφος τίτλος Organizational behavior and management.
Language of a work Ελληνικά
245 10 - ΤΙΤΛΟΣ ΚΑΙ ΔΗΛΩΣΗ ΥΠΕΥΘΥΝΟΤΗΤΑΣ
Τίτλος Οργανωσιακή συμπεριφορά και διοίκηση /
Statement of responsibility, etc. Robert Konopaske, John M. Ivancevich, Michael Matteson ; επιστημονική επιμέλεια Δήμητρα Ιορδάνογλου, Λήδα Παναγιωτοπούλου ; μετάφραση Λίνα Γουσίου
264 #1 - PRODUCTION, PUBLICATION, DISTRIBUTION, MANUFACTURE, AND COPYRIGHT NOTICE
Place of production, publication, distribution, manufacture Θεσσαλονίκη :
Name of producer, publisher, distributor, manufacturer Εκδόσεις Τζιόλα,
Date of production, publication, distribution, manufacture, or copyright notice 2023
300 ## - PHYSICAL DESCRIPTION
Extent xxvi, 580 σελίδες :
Other physical details εικονογράφηση ;
Διαστάσεις 30 εκ.
500 ## - GENERAL NOTE
Γενική σημείωση Το κείμενο είναι μεταφρασμένο από τα αγγλικά
504 ## - ΣΗΜΕΙΩΣΗ ΒΙΒΛΙΟΓΡΑΦΙΑΣ κλπ.
Σημείωση βιβλιογραφίας, κλπ. ctin
505 0# - FORMATTED CONTENTS NOTE
Formatted contents note ο Πεδίο της Οργανωσιακής Συμπεριφοράς - Οι Αποτελεσματικοί Μάνατζερ Κατανοούν την Οργανωσιακή Συμπεριφορά - Διεθνής και Οργανωσιακή Κουλτούρα - Κατανόηση και Διαχείριση Ατομικής Συμπεριφοράς - Ατομικές Διαφορές στον Χώρο Εργασίας - Αντιλήψεις και Απόδοση Αιτιών - Παρακίνηση - Σχεδιασμός Έργου και Απόδοση - Αξιολόγηση και Αμοιβές Επηρεάζουν τη Συμπεριφορά - Διαχείριση Εργασιακής Συμπεριφοράς - Διαχείριση Εργασιακού Άγχους - Ομαδική Συμπεριφορά και Διαπροσωπική Επιρροή - Δυναμική Ομάδων - Διαχείριση Συγκρούσεων και Διαπραγματεύσεις - Δύναμη και Σχέσεις Εξουσίας - Οργανωσιακές Διαδικασίες - Αποτελεσματική Επικοινωνία - Λήψη Αποφάσεων - Ηγεσία - Οργανωσιακός Σχεδιασμός, Αλλαγή και Καινοτομία - Οργανωσιακή Δομή και Οργανωσιακός Σχεδιασμός - Διοίκηση Οργανωσιακής Αλλαγής - Ποσοτικές και Ποιοτικές Ερευνητικές Τεχνικές για τη Μελέτη της Οργανωσιακής Συμπεριφοράς και της Διοικητικής Πρακτικής - Γλωσσάρι - Ευρετήριο
650 #0 - SUBJECT ADDED ENTRY--TOPICAL TERM
Topical term or geographic name entry element Οργανωτική συμπεριφορά
9 (RLIN) 9938
650 #0 - SUBJECT ADDED ENTRY--TOPICAL TERM
Topical term or geographic name entry element Διοίκηση Επιχειρήσεων
9 (RLIN) 9939
700 ## - ΠΡΟΣΘΕΤΗ ΑΝΑΓΡΑΦΗ--ΦΥΣΙΚΟ ΠΡΟΣΩΠΟ
Personal name Matteson, Michael T.
Σχέση Συγγραφέας
9 (RLIN) 9940
700 1# - ΠΡΟΣΘΕΤΗ ΑΝΑΓΡΑΦΗ--ΦΥΣΙΚΟ ΠΡΟΣΩΠΟ
Personal name Ivancevich, John M.
Σχέση Συγγραφέας
9 (RLIN) 1597
942 ## - ADDED ENTRY ELEMENTS (KOHA)
Koha item type Books
Source of classification or shelving scheme Δεκαδική Ταξινόμηση Dewey
Holdings
Τύπος τεκμηρίου Βιβλιοθήκη Τρέχουσα τοποθεσία Barcode Αριθμός εισαγωγής Ημερομηνία απόκτησης Ταξιθετικό σύμβολο Αριθμός αντιτύπου Κατάσταση απόσυρσης Κατάσταση χαμένου Κατάσταση κατεστραμμένου Μη δανεισμός Σύνολο δανεισμών Σύνολο ανανεώσεων Ημερομηνία τελευταίας εμφάνισης Χρονολογία τελευταίου δανεισμού Η τιμή ισχύει από
Books MC Athens Campus Library MC Athens Campus Library 9780000098368 8080 04/08/2025 658.3 KON 1         1 2 24/11/2025 03/11/2025 04/08/2025

MC Athens Campus Library
Πατησίων 94 & Κοδριγκτώνος 13, 104 34
Πελλήνης 8 & Πατησίων 107, 112 51
Τ: +30 210 8899600

MC Thessaloniki Campus Library
Ίωνος Δραγούμη 21, 54625 | Ίωνος Δραγούμη 15, 54625
Τ: +30 2310 287779 – Τ: +30 2314 440300